000 00324nam a22001337a 4500
020 _a0224013238
082 _a341.33MOO
100 _aGEOFFREY MOORHOUSE
245 _aTHE DIPLOMATS:THE FOREIGN OFFICE TODAY
260 _aLONDON
_bJONATHAN CAPE
_c1977
300 _axii,405pg.
_b22cm
500 _ainclude index
942 _cBK
999 _c16986
_d16986